Controlled queueing systems

Αποθηκεύτηκε σε:
Λεπτομέρειες βιβλιογραφικής εγγραφής
Κύριος συγγραφέας: Kitaev, Mikhail Yu
Άλλοι συγγραφείς: Rykov, V. V.
Μορφή: Βιβλίο
Γλώσσα:English
Δημοσίευση: Boca Raton ; : New York : CRC Press, 1995
Θέματα:
Ετικέτες: Προσθήκη ετικέτας
Δεν υπάρχουν, Καταχωρήστε ετικέτα πρώτοι!

MARC

LEADER 00000nam a2200000 i 4500
001 1/99832
008 000211s1995 eng d
020 |a 0849328624 
035 |l 10057040 
040 |a GR-MY-UA  |b gre  |e aacr 
041 0 |a eng 
082 0 |a 519.82 
100 1 |a Kitaev, Mikhail Yu. 
245 1 0 |a Controlled queueing systems /  |c Mikhail Yu. Kitaev, Vladimir V. Rykov 
260 |a Boca Raton ; :   |a New York :   |b CRC Press,   |c 1995 
300 |a 287 p.;  |c 25 cm. 
504 |a Includes bibliographical references and index 
650 0 0 |a Queuing theory. 
650 0 0 |a Markov processes. 
700 1 |a Rykov, V. V. 
852 |a INST  |b SAMOS  |e 20000211  |h 519.82 KIT  |p 005300015752  |q 005300015752  |t BK  |y 0 
901 |a BIBL3-2000-1 
909 |a Σ  |b 072828 
922 |a 3ΕΛΗ  |b 199912  |c ΤΠΕΣ  |d ΠΑΠΑΣΩΤΗΡΙΟΥ 
950 |a 133-1999-07-20 
970 |a ΓΕΝΟΥΖΟΥ  |b ΧΡΥΣΑΝΘΗ  |z 2000/02/11